Stacje i przystanki na linii PKM4 - Statystyki

Ogólne statystyki
  • Ten quiz został rozwiązany 9 razy
  • Średni wynik to 11 z 16
Statystyki odpowiedzi
Przystanek % Poprawnych
stacja Poznań Główny
100%
p.o. Baborówko
75%
stacja Kiekrz
75%
p.o. Kórnik
75%
p.o. Pęckowo
75%
p.o. Poznań Dębina
75%
p.o. Poznań Wola
75%
stacja Rokietnica
75%
stacja Środa Wielkopolska
75%
stacja Szamotuły
75%
stacja Wronki
75%
stacja Gądki
50%
p.o. Pamiątkowo
50%
p.o. Pierzchno
50%
stacja Poznań Krzesiny
50%
stacja Poznań Starołęka
50%
Nie znaleziono quizów pasujących do podanych kryteriów
Rozkład punktacji
Procent ludzi z każdym wynikiem
Percentyl według liczby udzielonych odpowiedzi
Twoja historia wyników
Nie rozwiązałeś tego quizu